00988nam a22002777a 4500001000400000003000600004005001700010008004100027020003100068040001300099050002400112082001000136100001800146245011100164260005400275300003800329505000600367520013200373521002600505521001900531650002600550650002100576650002100597650005600618700003600674388FISKH20230405150603.0230405b cb ||||| |||| 00| 0 eng d a9780977039135 (alk. paper) aDLCcDLC00aMLCM 2012/40329 (P) a813.61 aHoog, Mark E.10aField of dreams :ba growing field adventure /cwritten by Mark E. Hoog ; illustrated by Mark Wayne Adams. aFt. Collins, CO :bGrowing Field Books,c[2009?]. a44 p. :bcol. ill. ;c23 x 29 cm. aK aIn the magical Growing Field two young farmers discover their own field Of dreams and learn to grow their own seeds of success.8 a600 bLexile estimate8 aK bRaz-Plus  aSelf-esteem--Fiction. aStories in rhyme aSuccess--Fiction aSelf-actualization (Psychology) -- Juvenile fiction1 aAdams, Mark Wayne,d1971-eill.